The Craft of Copyloriting (Record no. 3872)

MARC details
000 -LEADER
fixed length control field 00399nam a22001697a 4500
005 - DATE AND TIME OF LATEST TRANSACTION
control field 20160624143435.0
008 - FIXED-LENGTH DATA ELEMENTS--GENERAL INFORMATION
fixed length control field 160624b xxu||||| |||| 00| 0 eng d
020 ## - INTERNATIONAL STANDARD BOOK NUMBER
ISBN 0-7619-9424-6
041 ## - LANGUAGE CODE
Language code of text/sound track or separate title eng
082 ## - DEWEY DECIMAL CLASSIFICATION NUMBER
Item number 9858
100 ## - MAIN ENTRY--AUTHOR NAME
Personal name Valladars, June A
245 ## - TITLE STATEMENT
Title The Craft of Copyloriting
260 ## - PUBLICATION, DISTRIBUTION, ETC. (IMPRINT)
Name of publisher Resrouse
Year of publication 2000
300 ## - PHYSICAL DESCRIPTION
Number of Pages 277
650 ## - SUBJECT ADDED ENTRY--TOPICAL TERM
Topical Term Mass Communication
942 ## - ADDED ENTRY ELEMENTS (KOHA)
Koha item type Books
Holdings
Lost status Damaged status Collection code Home library Current library Shelving location Date acquired Cost, normal purchase price Full call number Accession Number Koha item type
    MANAGEMENT JRU Library JRU Library SHELF-71-E 24/06/2016 340.00 659.132 9858 Books
    LIFE SKILL JRU Library JRU Library SHELF-103-G 24/06/2016 340.00 659.132 9859 Books
    MANAGEMENT JRU Library JRU Library SHELF- 67 G 24/06/2016 340.00 659.132 9860 Books
      JRU Library   SHELF-32-H 24/06/2016 340.00 9858 9861 Books